=LDR 00000nam 2200000 4500 =001 INLIS000000000047033 =005 20150702103901.0 =006 =007 =008 =035 ##$$0010-071500000000003 =082 ##$$a 028.5 =090 ##$$a 028.5 maa l.2 =100 ##$$a ali muakhir =245 ##$$a perawat mariam =260 ##$$a BUMI AKSARA GRUOP =300 ##$$a hln. 23 =850 ##$$a NPBMAT =990 ##$$a 2090100879/BPAP-NTB/2015